Código de responsabilidad profesional médica

Guardat en:
Dades bibliogràfiques
Autor principal: Cáceres Palacios, Rubén (Autor)
Format: Llibre
Idioma:espanyol
Publicat: s.l Hammurabi 2019
Edició:1a. ed
Matèries:
Etiquetes: Afegir etiqueta
Sense etiquetes, Sigues el primer a etiquetar aquest registre!

MARC

LEADER 00000cam a2200000 a 4500
001 UCC8156
003 CL-VaPUC
005 20241129101311.0
008 190531e20190000cl |||||||||||||||||spa|d
999 |c 374533  |d 374531 
020 |a 9789566022244 
040 |c Pontificia Universidad Católica de Valparaíso 
082 0 4 |a 344.041 CAC 2019  |b CAC  |2 21 
100 0 |a Cáceres Palacios, Rubén  |e author  |9 602803 
245 1 0 |a Código de responsabilidad profesional médica 
250 |a 1a. ed 
260 |a s.l  |b Hammurabi  |c 2019 
300 |a 291 p 
583 |a last modification  |c 20190531 13:26:00  |k Rodrigo Vera 
650 0 |a Responsabilidad médica   |9 357519 
650 0 |a Ética médica  |9 312024 
650 0 |a Responsabilidad profesional  |9 381253 
942 |c BK  |2 ddc 
945 |d 20190531 13:26:00  |a dcastane 
952 |0 0  |1 0  |2 ddc  |4 0  |6 344_041000000000000_CAC_2019  |7 0  |8 A  |9 562236  |a BIBDER  |b BIBDER  |d 2020-04-01  |e 22  |g 25500.00  |i 5575419  |o 344.041 CAC 2019   |p 5575419  |r 2023-01-25  |t 2  |v 25500.00  |w 2020-04-01  |y BK  |k DER